[Event "FIN-chT 1819"]
[Site "Finland"]
[Date "2019.02.09"]
[Round "7.5"]
[White "Lauren, Martti"]
[Black "Myller, Janne"]
[Result "1/2-1/2"]
[WhiteElo "2175"]
[BlackElo "2208"]
[PlyCount "25"]
[EventDate "2018.09.15"]
[EventType "team-tourn"]
[EventRounds "11"]
[EventCountry "FIN"]
[SourceTitle "EXT 2021"]
[Source "ChessBase"]
[SourceDate "2020.10.23"]
[SourceVersion "1"]
[SourceVersionDate "2020.10.23"]
[SourceQuality "1"]
[WhiteTeam "Helsinki KS 58"]
[BlackTeam "Joensuu SK"]
[WhiteTeamCountry "FIN"]
[BlackTeamCountry "FIN"]

1. Nf3 d5 2. g3 Bg4 3. Bg2 Nd7 4. c4 e6 5. Qa4 Ngf6 6. Ne5 b5 7. Qxb5 Rb8 8. Qc6 Rb6 9. Qa4 Rb4 10. Qc6 Rb6 11. Qa4 Rb4 12. Qc6 Rb6 13. Qa4 1/2-1/2

[Event "FIN-chT 1819"]
[Site "Finland"]
[Date "2018.11.10"]
[Round "3.5"]
[White "Lauren, Martti"]
[Black "Torkkola, Henri"]
[Result "1/2-1/2"]
[WhiteElo "2175"]
[BlackElo "2216"]
[PlyCount "167"]
[EventDate "2018.09.15"]
[EventType "team-tourn"]
[EventRounds "11"]
[EventCountry "FIN"]
[SourceTitle "CBM 187 Extra"]
[Source "ChessBase"]
[SourceDate "2018.11.04"]
[SourceVersion "1"]
[SourceVersionDate "2018.11.04"]
[SourceQuality "1"]
[WhiteTeam "Helsinki KS 58"]
[BlackTeam "Sastamala VammSK"]
[WhiteTeamCountry "FIN"]
[BlackTeamCountry "FIN"]

1. Nf3 d5 2. g3 Nf6 3. Bg2 c6 4. b3 Bg4 5. Ne5 Bh5 6. Bb2 e6 7. 0-0 Be7 8. d4 0-0 9. Nd2 a5 10. a3 Nbd7 11. Qe1 Qb6 12. e4 Nxe5 13. dxe5 Nxe4 14. Nxe4 dxe4 15. Qxe4 Rad8 16. Qf4 Qc5 17. Be4 Rd7 18. b4 Qb6 19. Bc3 a4 20. g4 Bg6 21. Bxg6 hxg6 22. Kg2 g5 23. Qc4 Qb5 24. Qe4 Qd5 25. Rfe1 Rfd8 26. Qxd5 Rxd5 27. Kf1 R8d7 28. Ke2 Bd8 29. Rad1 Bb6 30. f3 Kf8 31. Rh1 Ke7 32. Rxd5 Rxd5 33. h4 gxh4 34. Rxh4 Bc7 35. f4 g5 36. Rh5 gxf4 37. Kf3 Rd1 38. Kxf4 Rf1+ 39. Ke4 Rf2 40. Bd4 Rf1 41. Rh3 Re1+ 42. Re3 Rxe3+ 43. Kxe3 Kd7 44. Ke4 Bd8 45. c4 b5 46. cxb5 cxb5 47. Be3 Bh4 48. Bd2 Kc6 49. Bc3 Bg5 50. Bb2 Kd7 51. Kd4 Be7 52. Kd3 Ke8 53. Bd4 Bg5 54. Be3 Bh4 55. Kd4 Be7 56. Ke4 Kd7 57. Bc1 Bh4 58. Bd2 Bf2 59. Bc3 Ke8 60. Bd4 Be1 61. Kd3 Ke7 62. Bc5+ Kd7 63. Bd4 Kc6 64. Ke4 Bd2 65. Bb2 Bg5 66. Kd4 f5 67. gxf5 exf5 68. Bc3 Bc1 69. e6 f4 70. e7 Be3+ 71. Ke5 Kd7 72. e8Q+ Kxe8 73. Kd6 Bc1 74. Kc6 Bxa3 75. Kxb5 Bb2 76. Bxb2 a3 77. Bd4 f3 78. Kc4 a2 79. Kd3 Kd7 80. b5 Kc7 81. Ke3 a1Q 82. Bxa1 Kb6 83. Bd4+ Kxb5 84. Kxf3 1/2-1/2

[Event "FIN-chT 1718"]
[Site "Finland"]
[Date "2017.09.17"]
[Round "2.4"]
[White "Nevanlinna, Risto"]
[Black "Lauren, Martti"]
[Result "1-0"]
[WhiteElo "2258"]
[BlackElo "2196"]
[PlyCount "59"]
[EventDate "2017.09.16"]
[EventType "team-tourn"]
[EventRounds "11"]
[EventCountry "FIN"]
[SourceTitle "CBM 180 Extra"]
[Source "ChessBase"]
[SourceDate "2017.10.06"]
[SourceVersion "1"]
[SourceVersionDate "2017.10.06"]
[SourceQuality "1"]
[WhiteTeam "Jyvaskyla JyS"]
[BlackTeam "Helsinki KS 58"]
[WhiteTeamCountry "FIN"]
[BlackTeamCountry "FIN"]

1. e4 c5 2. Nc3 g6 3. d4 cxd4 4. Qxd4 Nf6 5. e5 Nc6 6. Qf4 Nh5 7. Qe4 f5 8. Qe2 Bg7 9. f4 d5 10. Qd3 e6 11. Nf3 a6 12. Ne2 0-0 13. Bd2 Re8 14. h3 Bf8 15. g4 Ng7 16. 0-0-0 b5 17. Ned4 Nxd4 18. Nxd4 b4 19. gxf5 Nxf5 20. Nxf5 exf5 21. Bg2 Be6 22. Be3 b3 23. axb3 Qa5 24. Bxd5 Qa1+ 25. Kd2 Qxb2 26. Bxe6+ Rxe6 27. Qc4 Kh8 28. Bd4 Rd8 29. Ke2 Qa2 30. Rd2 1-0

[Event "FIN-chT1A 1415"]
[Site "Finland"]
[Date "2015.02.07"]
[Round "6.2"]
[White "Hosia, Akseli"]
[Black "Lauren, Martti"]
[Result "1/2-1/2"]
[WhiteElo "1902"]
[BlackElo "2204"]
[PlyCount "56"]
[EventDate "2014.09.27"]
[EventType "team-tourn"]
[EventRounds "7"]
[EventCountry "FIN"]
[SourceTitle "EXT 2017"]
[Source "ChessBase"]
[SourceDate "2016.10.25"]
[SourceVersion "1"]
[SourceVersionDate "2016.10.25"]
[SourceQuality "1"]
[WhiteTeam "Turku TuTS II"]
[BlackTeam "Helsinki KS 58"]
[WhiteTeamCountry "FIN"]
[BlackTeamCountry "FIN"]

1. e4 c5 2. Nf3 g6 3. c3 Bg7 4. d4 Qc7 5. Be2 b6 6. 0-0 Bb7 7. d5 Nf6 8. Qc2 0-0 9. Bg5 e5 10. Na3 d6 11. Nb5 Qd7 12. a4 a6 13. Na3 Qc7 14. Bxf6 Bxf6 15. b4 Nd7 16. b5 a5 17. Nc4 Rae8 18. g4 Bc8 19. Kh1 Bg7 20. Bd3 Nf6 21. h3 Nxe4 22. Bxe4 f5 23. Ng5 h6 24. Ne6 Rxe6 25. Bxf5 gxf5 26. dxe6 Bxe6 27. Ne3 fxg4 28. hxg4 Qb7+ 1/2-1/2

[Event "FIN-chT1A 1415"]
[Site "Finland"]
[Date "2014.10.18"]
[Round "2.3"]
[White "Lauren, Martti"]
[Black "Koivunen, Jussi"]
[Result "1/2-1/2"]
[WhiteElo "2204"]
[BlackElo "2042"]
[PlyCount "23"]
[EventDate "2014.09.27"]
[EventType "team-tourn"]
[EventRounds "7"]
[EventCountry "FIN"]
[SourceTitle "EXT 2017"]
[Source "ChessBase"]
[SourceDate "2016.10.25"]
[SourceVersion "1"]
[SourceVersionDate "2016.10.25"]
[SourceQuality "1"]
[WhiteTeam "Helsinki KS 58"]
[BlackTeam "Pori PSY"]
[WhiteTeamCountry "FIN"]
[BlackTeamCountry "FIN"]

1. b3 Nf6 2. Bb2 g6 3. f4 d5 4. Nf3 Bg7 5. e3 0-0 6. Be2 c5 7. 0-0 Nc6 8. Ne5 Bd7 9. d3 d4 10. Nxc6 Bxc6 11. e4 e5 12. f5 1/2-1/2

[Event "FIN-chT1 East 1314"]
[Site "Finland"]
[Date "2014.03.08"]
[Round "7.4"]
[White "Lauren, Martti"]
[Black "Tolonen, Mikko"]
[Result "1/2-1/2"]
[WhiteElo "2199"]
[BlackElo "2219"]
[PlyCount "25"]
[EventDate "2013.09.21"]
[EventType "team-tourn"]
[EventRounds "9"]
[EventCountry "FIN"]
[SourceTitle "EXT 2022"]
[Source "ChessBase"]
[SourceDate "2021.10.06"]
[SourceVersion "1"]
[SourceVersionDate "2021.10.06"]
[SourceQuality "1"]
[WhiteTeam "Helsinki KS 58"]
[BlackTeam "Espoo MatSK II"]
[WhiteTeamCountry "FIN"]
[BlackTeamCountry "FIN"]

1. d4 Nf6 2. Nf3 c5 3. c3 e6 4. g3 b6 5. Bg2 Bb7 6. 0-0 Be7 7. Bg5 0-0 8. Nbd2 d6 9. Bxf6 Bxf6 10. e4 Nc6 11. e5 dxe5 12. Nxe5 Qc7 13. Nxc6 1/2-1/2

[Event "FIN-chT1 East 1314"]
[Site "Finland"]
[Date "2014.02.08"]
[Round "6.2"]
[White "Natri, Antero"]
[Black "Lauren, Martti"]
[Result "1/2-1/2"]
[WhiteElo "2206"]
[BlackElo "2199"]
[PlyCount "32"]
[EventDate "2013.09.21"]
[EventType "team-tourn"]
[EventRounds "9"]
[EventCountry "FIN"]
[SourceTitle "EXT 2022"]
[Source "ChessBase"]
[SourceDate "2021.10.06"]
[SourceVersion "1"]
[SourceVersionDate "2021.10.06"]
[SourceQuality "1"]
[WhiteTeam "Tampere Tammer II"]
[BlackTeam "Helsinki KS 58"]
[WhiteTeamCountry "FIN"]
[BlackTeamCountry "FIN"]

1. c4 c5 2. g3 g6 3. Bg2 Bg7 4. Nc3 Nc6 5. a3 a5 6. e3 e5 7. Nge2 Nge7 8. 0-0 0-0 9. Nb5 d6 10. Nec3 f5 11. f4 Kh8 12. Rb1 Be6 13. Nd5 Bg8 14. Nbc3 Rb8 15. d3 Nxd5 16. Nxd5 Ne7 1/2-1/2

[Event "FIN-chT1 East 1314"]
[Site "Finland"]
[Date "2013.11.03"]
[Round "4.3"]
[White "Saren, Ilkka J"]
[Black "Lauren, Martti"]
[Result "1/2-1/2"]
[WhiteElo "2131"]
[BlackElo "2199"]
[PlyCount "46"]
[EventDate "2013.09.21"]
[EventType "team-tourn"]
[EventRounds "9"]
[EventCountry "FIN"]
[SourceTitle "EXT 2022"]
[Source "ChessBase"]
[SourceDate "2021.10.06"]
[SourceVersion "1"]
[SourceVersionDate "2021.10.06"]
[SourceQuality "1"]
[WhiteTeam "Helsinki SSK"]
[BlackTeam "Helsinki KS 58"]
[WhiteTeamCountry "FIN"]
[BlackTeamCountry "FIN"]

1. e4 c5 2. Nf3 g6 3. d4 cxd4 4. Nxd4 Bg7 5. Nc3 Nc6 6. Be3 Nf6 7. Be2 0-0 8. Nb3 d6 9. 0-0 Ne5 10. h3 Be6 11. Nd2 Qc8 12. f4 Nc4 13. Nxc4 Bxc4 14. Bd3 b5 15. a3 a6 16. Qd2 d5 17. e5 Nh5 18. Bxc4 dxc4 19. g4 Ng3 20. Rf3 Ne4 21. Nxe4 Qc6 22. Qg2 Qxe4 23. Rg3 Qxg2+ 1/2-1/2

[Event "FIN-chT1B 1112"]
[Site "Finland"]
[Date "2011.09.17"]
[Round "1"]
[White "Lauren, Martti"]
[Black "Lehtisalo, Marko"]
[Result "1/2-1/2"]
[WhiteElo "2188"]
[BlackElo "2073"]
[PlyCount "28"]
[EventDate "2011.09.17"]
[EventType "team-tourn"]
[EventRounds "7"]
[EventCountry "FIN"]
[SourceTitle "EXT 2019"]
[Source "ChessBase"]
[SourceDate "2018.10.10"]
[SourceVersion "1"]
[SourceVersionDate "2018.10.10"]
[SourceQuality "1"]
[WhiteTeam "Helsinki KS 58"]
[BlackTeam "Helsinki HSK"]
[WhiteTeamCountry "FIN"]
[BlackTeamCountry "FIN"]

1. f4 g6 2. Nf3 Bg7 3. e3 d6 4. d4 Nf6 5. Bd3 0-0 6. 0-0 c5 7. c3 Nc6 8. dxc5 dxc5 9. Qe2 Qc7 10. e4 e5 11. fxe5 Ng4 12. Bc4 Ncxe5 13. Nxe5 Nxe5 14. Bf4 Qe7 1/2-1/2

[Event "FIN Team Cup"]
[Site "Finland"]
[Date "2011.03.26"]
[Round "1.2"]
[White "Lauren, Martti"]
[Black "Vaatainen, Timo"]
[Result "0-1"]
[WhiteElo "2195"]
[BlackElo "2237"]
[PlyCount "128"]
[EventDate "2011.03.26"]
[EventType "team-k.o."]
[EventRounds "5"]
[EventCountry "FIN"]
[SourceTitle "EXT 2022"]
[Source "ChessBase"]
[SourceDate "2021.10.06"]
[SourceVersion "1"]
[SourceVersionDate "2021.10.06"]
[SourceQuality "1"]
[WhiteTeam "Helsinki KS 58"]
[BlackTeam "Aatos"]
[WhiteTeamCountry "FIN"]
[BlackTeamCountry "FIN"]

1. e4 e5 2. Nc3 Nf6 3. g3 Nc6 4. Bg2 Bc5 5. Nf3 d6 6. d3 a6 7. h3 h6 8. 0-0 Be6 9. Be3 Qd7 10. Kh2 g5 11. d4 exd4 12. Nxd4 Ne5 13. Nxe6 Qxe6 14. Bxc5 dxc5 15. f4 Nc4 16. Qe2 gxf4 17. e5 fxg3+ 18. Kh1 Nxe5 19. Rxf6 Qxf6 20. Nd5 Qd6 21. Re1 0-0-0 22. Qxe5 Qxe5 23. Rxe5 c6 24. Nc3 Rd2 25. Be4 Rhd8 26. Ne2 g2+ 27. Kh2 Kc7 28. Ng1 c4 29. Rf5 R8d7 30. Rf6 Re7 31. Bh7 b5 32. Rxh6 Re1 33. Rf6 Rdd1 34. Rxf7+ Kb6 35. Be4 Rxe4 36. Rf2 b4 37. Rxg2 c3 38. bxc3 bxc3 39. Nf3 Re3 40. Rf2 Rxf3 41. Rxf3 Rd2+ 42. Kg3 Rxc2 43. h4 Rc1 44. Kg2 Kc5 45. h5 Kd4 46. h6 Re1 47. Rf4+ Kd3 48. Rf6 c5 49. Rf3+ Kd2 50. Rf2+ Kd3 51. Rf3+ Kd4 52. Rf4+ Kd5 53. Rf3 Kc4 54. Rf4+ Kd3 55. Rf3+ Kd2 56. Rf2+ Kd1 57. Rf1 Rxf1 58. Kxf1 c2 59. h7 c1Q 60. h8Q Qc4+ 61. Kg2 Qxa2+ 62. Kg1 Qc4 63. Qa1+ Kc2 64. Qa5 Qd4+ 0-1

[Event "FIN-chT1B 1011"]
[Site "Finland"]
[Date "2011.02.13"]
[Round "8.5"]
[White "Lauren, Martti"]
[Black "Sorsa, Nuutti"]
[Result "1/2-1/2"]
[WhiteElo "2197"]
[BlackElo "2217"]
[PlyCount "57"]
[EventDate "2010.09.18"]
[EventType "team-tourn"]
[EventRounds "9"]
[EventCountry "FIN"]
[SourceTitle "EXT 2022"]
[Source "ChessBase"]
[SourceDate "2021.10.06"]
[SourceVersion "1"]
[SourceVersionDate "2021.10.06"]
[SourceQuality "1"]
[WhiteTeam "Helsinki KS 58"]
[BlackTeam "Turku TS"]
[WhiteTeamCountry "FIN"]
[BlackTeamCountry "FIN"]

1. d4 Nf6 2. Nf3 e6 3. Bf4 b5 4. e3 a6 5. Bd3 Bb7 6. Nbd2 c5 7. c3 d5 8. 0-0 Be7 9. Qb1 Nc6 10. h3 h6 11. dxc5 Bxc5 12. b4 Be7 13. a4 bxa4 14. b5 axb5 15. Qxb5 Qc8 16. Rfb1 Ba6 17. Qxa4 Bb7 18. Qb5 Rxa1 19. Rxa1 0-0 20. Rb1 Nd8 21. Qa5 Nd7 22. Be2 Nc6 23. Qc7 Qxc7 24. Bxc7 Ba8 25. c4 Rc8 26. Bg3 Nb4 27. Nd4 e5 28. Nb5 g6 29. Nf3 1/2-1/2

[Event "FIN-chT1B 1011"]
[Site "Finland"]
[Date "2011.02.12"]
[Round "7.5"]
[White "Mahonen, Timo"]
[Black "Lauren, Martti"]
[Result "1/2-1/2"]
[WhiteElo "1994"]
[BlackElo "2197"]
[PlyCount "62"]
[EventDate "2010.09.18"]
[EventType "team-tourn"]
[EventRounds "9"]
[EventCountry "FIN"]
[SourceTitle "EXT 2022"]
[Source "ChessBase"]
[SourceDate "2021.10.06"]
[SourceVersion "1"]
[SourceVersionDate "2021.10.06"]
[SourceQuality "1"]
[WhiteTeam "Espoo ESK"]
[BlackTeam "Helsinki KS 58"]
[WhiteTeamCountry "FIN"]
[BlackTeamCountry "FIN"]

1. e4 c5 2. Nf3 Nc6 3. d4 cxd4 4. Nxd4 g6 5. Be3 Bg7 6. Nc3 Nf6 7. Be2 0-0 8. Qd2 d5 9. exd5 Nb4 10. d6 Nbd5 11. dxe7 Qxe7 12. Nxd5 Nxd5 13. Bh6 Bxh6 14. Qxh6 Qb4+ 15. Qd2 Qxb2 16. 0-0 Nc3 17. Bd3 Rd8 18. Ne2 Nxe2+ 19. Qxe2 Qd4 20. Rab1 Bg4 21. Qe4 b6 22. h3 Be6 23. a3 Rac8 24. Qxd4 Rxd4 25. Rb4 Rxb4 26. axb4 Bc4 27. Ra1 Bxd3 28. cxd3 Rc7 29. Kf1 Kf8 30. Ke2 Ke7 31. d4 Kd6 1/2-1/2

[Event "FIN-chT1B 1011"]
[Site "Finland"]
[Date "2010.09.18"]
[Round "1.4"]
[White "Aaltio, Erkki"]
[Black "Lauren, Martti"]
[Result "1/2-1/2"]
[WhiteElo "2131"]
[BlackElo "2197"]
[PlyCount "34"]
[EventDate "2010.09.18"]
[EventType "team-tourn"]
[EventRounds "9"]
[EventCountry "FIN"]
[SourceTitle "EXT 2022"]
[Source "ChessBase"]
[SourceDate "2021.10.06"]
[SourceVersion "1"]
[SourceVersionDate "2021.10.06"]
[SourceQuality "1"]
[WhiteTeam "Helsinki HSK II"]
[BlackTeam "Helsinki KS 58"]
[WhiteTeamCountry "FIN"]
[BlackTeamCountry "FIN"]

1. d4 Nf6 2. c4 c5 3. d5 b5 4. cxb5 a6 5. b6 Qxb6 6. Nc3 d6 7. e4 g6 8. Nf3 Bg7 9. Be2 0-0 10. 0-0 Bg4 11. Re1 Nbd7 12. a4 Qb4 13. Nd2 Bxe2 14. Qxe2 Qb7 15. Ra3 Qc7 16. Kh1 Rfe8 17. a5 Reb8 1/2-1/2

[Event "Helsinki Pirttimaki Memorial-M 4th"]
[Site "Helsinki"]
[Date "2009.??.??"]
[Round "7"]
[White "Ivanov, Sergey A"]
[Black "Lauren, Martti"]
[Result "1/2-1/2"]
[WhiteElo "2338"]
[BlackElo "2176"]
[PlyCount "32"]
[EventDate "2009.??.??"]
[EventType "tourn"]
[EventRounds "9"]
[EventCountry "FIN"]
[SourceTitle "EXT 2011"]
[Source "ChessBase"]
[SourceDate "2010.11.26"]
[SourceVersion "1"]
[SourceVersionDate "2010.11.26"]
[SourceQuality "1"]

1. e4 c5 2. Ne2 g6 3. c4 Bg7 4. Nbc3 Nc6 5. d3 d6 6. h3 e6 7. g3 Nge7 8. Bg2 Rb8 9. Rb1 a6 10. a4 0-0 11. 0-0 Qc7 12. Be3 Rd8 13. b3 Bd7 14. Qd2 Nd4 15. Rfc1 Rdc8 16. Bg5 Nec6 1/2-1/2

[Event "Helsinki Pirttimaki Memorial-M 4th"]
[Site "Helsinki"]
[Date "2009.??.??"]
[Round "1"]
[White "Lauren, Martti"]
[Black "Kosmo, Santul"]
[Result "1/2-1/2"]
[WhiteElo "2176"]
[BlackElo "2263"]
[PlyCount "39"]
[EventDate "2009.??.??"]
[EventType "tourn"]
[EventRounds "9"]
[EventCountry "FIN"]
[SourceTitle "EXT 2011"]
[Source "ChessBase"]
[SourceDate "2010.11.26"]
[SourceVersion "1"]
[SourceVersionDate "2010.11.26"]
[SourceQuality "1"]

1. d4 e6 2. f4 c5 3. c3 Nf6 4. Nf3 b6 5. e3 Bb7 6. Bd3 Be7 7. Qe2 Ne4 8. 0-0 0-0 9. Bd2 d6 10. Be1 Nd7 11. Nbd2 f5 12. Rd1 Bf6 13. Bb1 a5 14. Nxe4 fxe4 15. Nd2 Ba6 16. Qg4 Qe7 17. Rf2 cxd4 18. cxd4 Bxd4 19. exd4 e3 20. Bxh7+ 1/2-1/2

[Event "FIN-chT1A 0708"]
[Site "Finland"]
[Date "2007.09.??"]
[Round "3.6"]
[White "Lauren, Martti"]
[Black "Tuutti, Petri"]
[Result "1-0"]
[WhiteElo "2162"]
[BlackElo "2112"]
[PlyCount "77"]
[EventDate "2007.09.15"]
[EventType "team-tourn"]
[EventRounds "7"]
[EventCountry "FIN"]
[SourceTitle "EXT 2022"]
[Source "ChessBase"]
[SourceDate "2021.10.06"]
[SourceVersion "1"]
[SourceVersionDate "2021.10.06"]
[SourceQuality "1"]
[WhiteTeam "Helsinki KS 58"]
[BlackTeam "Espoo MatSK II"]
[WhiteTeamCountry "FIN"]
[BlackTeamCountry "FIN"]

1. f4 d5 2. b3 c5 3. Bb2 Nf6 4. Nf3 Nc6 5. e3 b6 6. Bb5 Bb7 7. Ne5 Qc7 8. Qe2 g6 9. a4 Bg7 10. a5 bxa5 11. Bxc6+ Bxc6 12. Nxc6 Qxc6 13. Rxa5 0-0 14. 0-0 Rfb8 15. Be5 Rb7 16. Nc3 Nd7 17. Bxg7 Kxg7 18. Rfa1 e6 19. Ra6 Nb6 20. Qb5 Qc8 21. Qd3 Qd7 22. R1a5 c4 23. Qd4+ f6 24. b4 Rab8 25. h3 Nc8 26. Nxd5 Qf7 27. Nc3 Rxb4 28. Qe4 R8b6 29. Ra4 Qd7 30. Rxb4 Rxb4 31. Qxe6 Qxe6 32. Rxe6 Rb2 33. Rc6 Nb6 34. Rc7+ Kh6 35. Rxa7 Rxc2 36. Rb7 Nc8 37. Ne4 g5 38. f5 Nd6 39. Nxd6 1-0

[Event "FIN-chT1A 0506"]
[Site "Finland"]
[Date "2006.01.14"]
[Round "5.4"]
[White "Raisa, Unto"]
[Black "Lauren, Martti"]
[Result "1/2-1/2"]
[WhiteElo "2153"]
[BlackElo "2179"]
[PlyCount "42"]
[EventDate "2005.09.17"]
[EventType "team-tourn"]
[EventRounds "7"]
[EventCountry "FIN"]
[SourceTitle "EXT 2022"]
[Source "ChessBase"]
[SourceDate "2021.10.06"]
[SourceVersion "1"]
[SourceVersionDate "2021.10.06"]
[SourceQuality "1"]
[WhiteTeam "Helsinki HSK II"]
[BlackTeam "Helsinki KS 58"]
[WhiteTeamCountry "FIN"]
[BlackTeamCountry "FIN"]

1. d4 Nf6 2. c4 c5 3. d5 b5 4. cxb5 a6 5. bxa6 Bxa6 6. Nc3 d6 7. g3 Nbd7 8. Bg2 g6 9. Nf3 Bg7 10. Rb1 Qc7 11. 0-0 0-0 12. b3 Rfb8 13. a4 Ra7 14. Re1 Rab7 15. Bd2 Qc8 16. Qc2 c4 17. b4 Rxb4 18. Rxb4 Rxb4 19. Nd4 Nc5 20. Nc6 Rb7 21. Be3 Qf5 1/2-1/2

[Event "FIN-chT1B 0405"]
[Site "Finland"]
[Date "2005.??.??"]
[Round "7.3"]
[White "Lauren, Martti"]
[Black "Prieur, Eetu"]
[Result "0-1"]
[WhiteElo "2187"]
[BlackElo "2174"]
[PlyCount "60"]
[EventDate "2004.09.18"]
[EventType "team-tourn"]
[EventRounds "7"]
[EventCountry "FIN"]
[SourceTitle "EXT 2022"]
[Source "ChessBase"]
[SourceDate "2021.10.06"]
[SourceVersion "1"]
[SourceVersionDate "2021.10.06"]
[SourceQuality "1"]
[WhiteTeam "Helsinki KS 58"]
[BlackTeam "Helsinki Aatos"]
[WhiteTeamCountry "FIN"]
[BlackTeamCountry "FIN"]

1. Nf3 f5 2. b3 Nf6 3. c4 g6 4. Bb2 Bg7 5. e3 0-0 6. Nc3 d6 7. d4 Qe8 8. Be2 c6 9. Qc2 Nbd7 10. Rd1 h6 11. h3 e5 12. dxe5 dxe5 13. Ba3 Rf7 14. Nh4 Nf8 15. Bd6 e4 16. g3 g5 17. Ng2 Ng6 18. h4 Ne5 19. hxg5 hxg5 20. Kd2 Nd3 21. Bxd3 exd3 22. Qxd3 Ne4+ 23. Nxe4 fxe4 24. Qe2 Qd8 25. Ke1 Qf6 26. Bc5 Bg4 27. Bd4 Bxe2 28. Bxf6 Bxd1 29. Bxg7 Kxg7 30. Kxd1 Rxf2 0-1